Classic Movies by Characters - Statistics

General Stats
  • This quiz has been taken 91 times
  • The average score is 7 of 20
Answer Stats
Hint Answer % Correct
Atticus Finch, Scout, Boo Radley To Kill A Mockingbird
90%
T.E. Lawrence, Prince Feisal, Auda Abu Tayi Lawrence of Arabia
76%
Virgil Tibbs, Bill Gillespie, Sam Wood In the Heat of the Night
47%
MIchael Dorsey/Dorothy Michaels, Julie Nichols Tootsie
47%
Margo Channing, Eve Harrington, Addison DeWitt All About Eve
45%
Jimmy the Gent, Henry Hill, Tommy Devito Goodfellas
45%
Popeye Doyle, Alain Charnier, Cloudy Russo The French Connection
45%
Sally Bowles, Brian Roberts, Maximilian von Heune Cabaret
36%
Roger O. Thornhill, Eve Kendall, Philip Vandamm North by Northwest
36%
Alvy Singer, Annie, Rob Annie Hall
35%
Don Lockwood, Cosmo Brown, Kathy Selden Singin' in the Rain
33%
Charlie Allnut, Rose Sayer, The German captain The African Queen
31%
Terry Malloy, Father Barry, Edie Doyle On the Waterfront
28%
George M. Cohan, Mary Cohan, Jerry Cohan Yankee Doodle Dandy
28%
Sophie, Nathan Landau, Stingo Sophie's Choice
26%
Shears, Col. Nicholson, Major Warden The Bridge on the River Kwai
19%
Bill Munny, LIttle Bill Daggett, Ned Logan Unforgiven
17%
Steve Bolander, Curt Henderson, Terry "the Toad" American Graffiti
10%
Fred C. Dobbs, Curtin, Howard The Treasure of the Sierra Madre
10%
Wyatt, Billy, George Hanson Easy Rider
6%
No matching quizzes found
Score Distribution
Percent of People with Each Score
Percentile by Number Answered
Your Score History
You have not taken this quiz